Survey on the impact of modern methods of construction on resource efficiency (Record no. 78476)

MARC details
000 -LEADER
fixed length control field 01272cab a2200205 4500
001 - CONTROL NUMBER
control field L136869
008 - FIXED-LENGTH DATA ELEMENTS--GENERAL INFORMATION
fixed length control field 070228n2007 000 0 eng u
035 ## - SYSTEM CONTROL NUMBER
System control number (Sirsi) u136869
041 0# - LANGUAGE CODE
Language code of text/sound track or separate title eng
110 2# - MAIN ENTRY--CORPORATE NAME
Corporate name or jurisdiction name as entry element Constructing Excellence in the Built Environment
9 (RLIN) 4925
245 ## - TITLE STATEMENT
Title Survey on the impact of modern methods of construction on resource efficiency
Medium [electronic resource]
260 ## - PUBLICATION, DISTRIBUTION, ETC.
Date of publication, distribution, etc. 2007
490 #0 - SERIES STATEMENT
Series statement Constructing Excellence in the Built Environment News
Volume/sequential designation 27 February 2007
520 ## - SUMMARY, ETC.
Summary, etc. Constructing Excellence and Envirowise are researching the impact of Modern Methods of Construction (MMC) on resource efficiency, in particular site waste, commercial vehicle movements, energy use and water use. They have developed an online survey to determine the level of uptake of MMC and whether its impact on resource efficiency is being assessed. The survey also addresses current perceptions of MMC and its future use. Industry practitioners are invited to complete the survey.
590 ## - LOCAL NOTE (RLIN)
Local note KA
651 #4 - SUBJECT ADDED ENTRY--GEOGRAPHIC NAME
Geographic name United Kingdom
Chronological subdivision
690 ## - LOCAL SUBJECT ADDED ENTRY--TOPICAL TERM (OCLC, RLIN)
Topical term or geographic name as entry element Construction management
9 (RLIN) 6230
856 40 - ELECTRONIC LOCATION AND ACCESS
Uniform Resource Identifier <a href="https://www.constructingexcellence.org.uk/news/article.jsp?id=8464">https://www.constructingexcellence.org.uk/news/article.jsp?id=8464</a>
Public note View the item and complete the survey free of charge at www.constructingexcellence.org.uk...
942 ## - ADDED ENTRY ELEMENTS (KOHA)
Suppress in OPAC 0
Holdings
Withdrawn status Lost status Source of classification or shelving scheme Damaged status Not for loan Home library Current library Shelving location Date acquired Total Checkouts Full call number Barcode Date last seen Copy number Price effective from Koha item type
    Dewey Decimal Classification     Virtual Virtual Online 28/02/2007   L136869 136869-2001 06/08/2019 1 06/08/2019 Journal article